Spell the Marvel Hero #28 - Statistics

General Stats
  • This quiz has been taken 14 times
  • The average score is 13 of 15
Answer Stats
Picture Answer % Correct
Ant-Man
100%
Iceman
100%
Iron Man
100%
Scarlet Witch
100%
Emma Frost
92%
Namor the Sub-Mariner
92%
Nightcrawler
92%
Ironheart
85%
Lockjaw
85%
Magik
77%
Wonder Man
77%
Blink
69%
Invisible Woman
69%
Oya
69%
Viv Vision
69%
No matching quizzes found
Score Distribution
Percent of People with Each Score
Percentile by Number Answered
Your Score History
You have not taken this quiz